000 00520nam a2200169 a 4500
001 000042117
005 20201002035941.0
008 131114s1968 sp 000 0 spa d
040 _aDO-SdBNP
_bspa
_cBNPHU
082 _axxxxxxx
_bxxxxxxx
100 1 _aGorlier, C.
_961786
245 1 0 _aHistoria de los negros de los Estados Unidos /
_cC. Gorlier.
260 _aMadrid :
_bIberoamericanas,
_c1968.
300 _a350 p. ;
_c17 cm.
500 _aIncluye notas al pie de las páginas
504 _aBibliografĂ­as : p. 349-350
999 _c41606
_d41606